Income Tax Ready Reckoner 2001-02 (Record no. 301838)

MARC details
000 -LEADER
fixed length control field 00421nam a2200169Ia 4500
008 - FIXED-LENGTH DATA ELEMENTS--GENERAL INFORMATION
fixed length control field 230718s9999 xx 000 0 und d
041 ## - LANGUAGE CODE
Language code of text/sound track or separate title eng
082 ## - DEWEY DECIMAL CLASSIFICATION NUMBER
Classification number 336.24
Item number MEH
100 ## - MAIN ENTRY--PERSONAL NAME
Personal name Mehta N.V.
245 ## - TITLE STATEMENT
Title Income Tax Ready Reckoner 2001-02
260 ## - PUBLICATION, DISTRIBUTION, ETC. (IMPRINT)
Date of publication, distribution, etc. 2001
Name of publisher, distributor, etc. Kuber
300 ## - PHYSICAL DESCRIPTION
Extent 336
Accompanying material [OBSOLETE, CAN/MARC] Ref 99 G (13044)
365 ## - TRADE PRICE
Currency code Rs.
Price amount 300.00
500 ## - GENERAL NOTE
Keywords 99 GEN
700 ## - ADDED ENTRY--PERSONAL NAME
Personal name Mehta N.V.
906 ## - LOCAL DATA ELEMENT F, LDF (RLIN)
d B:64801-Jun-2001
c OTH
b 45
Holdings
Withdrawn status Lost status Source of classification or shelving scheme Reference No Damaged status Not for loan Home library Current library Date acquired Vendor Budget Code Cost, normal purchase price Bill number Full call number Barcode Date last seen Discount Cost, replacement price Bill Date Koha item type Original Barcode
    Dewey Decimal Classification Ref 99 G (13044)   Reference Cummins College of Engineering for Women Pune Cummins College of Engineering for Women Pune 28/07/2001 Technical Book Services OTH 255.00 648 336.24 CCEP-BK-13044 18/07/2023 45 300.00 01/06/2001 Books 013044